|
|
|
|
| LEADER |
00000nam0a2200000 4500 |
| 001 |
261120 |
| 005 |
20231101233533.0 |
| 020 |
|
|
|a RU
|b 81-32470
|
| 035 |
|
|
|a (RuTPU)RU\TPU\book\284094
|
| 090 |
|
|
|a 261120
|
| 100 |
|
|
|a 20140521d1981 k y0rusy5003 ca
|
| 101 |
0 |
|
|a rus
|
| 102 |
|
|
|a RU
|
| 105 |
|
|
|a a z 001zy
|
| 200 |
1 |
|
|a Несохранение четности в атомных явлениях
|f И. Б. Хриплович
|
| 210 |
|
|
|a Москва
|c Наука
|d 1981
|
| 215 |
|
|
|a 224 с.
|c ил.
|
| 225 |
1 |
|
|a Современные проблемы физики
|
| 320 |
|
|
|a Библиогр.: с. 216-223.
|
| 606 |
1 |
|
|a Элементарные частицы
|x Характерные свойства
|2 stltpush
|3 (RuTPU)RU\TPU\subj\21127
|9 46166
|
| 610 |
1 |
|
|a электроны
|
| 610 |
1 |
|
|a нуклоны
|
| 610 |
1 |
|
|a взаимодействия
|
| 610 |
1 |
|
|a атомы
|
| 610 |
1 |
|
|a четность
|
| 610 |
1 |
|
|a водород
|
| 610 |
1 |
|
|a расчет
|
| 610 |
1 |
|
|a тяжелые металлы
|
| 610 |
1 |
|
|a пары
|
| 610 |
1 |
|
|a оптическая активность
|
| 610 |
1 |
|
|a оптические изомеры
|
| 610 |
1 |
|
|a эффект Мессбауэра
|
| 675 |
|
|
|a 539.121
|v 3
|
| 700 |
|
1 |
|a Хриплович
|b И. Б.
|g Иосиф Бенционович
|
| 801 |
|
0 |
|a RU
|b RuMRKP
|c 19950704
|g psbo
|
| 801 |
|
1 |
|a RU
|b 63413507
|c 20140521
|
| 801 |
|
2 |
|a RU
|b 63413507
|c 20160219
|g RCR
|
| 942 |
|
|
|c BK
|